00000000nam##2200000za#4500
0019.681813
003CaOODSP
00520200330071951
007ta
008150407|2002||||xxc|||||     f|0| 0 fre|d
040 |aCaOODSP|bfre
043 |an-cn---
0861 |aJS79-1/2001F
1101 |aCanada.|bCommission des plaintes du public contre la GRC.
24510|aRapport intérimaire de la Commission : |bà la suite de l'audience publique sur les plaintes concernant les incidents survenus au cours des manifestations ayant eu lieu dans le cadre de la conférence de Coopération économique Asie-Pacifique (APEC) en novembre 1997 à Vancouver (C.-B.) sur le campus de l'Université de la Colombie-Britannique (UBC) et aux détachements de la GRC à l'UBC et à Richmond / |ccommissaire: Ted Hughes.
260 |aOttawa - Ontario : |bCommission des plaintes du public contre la GRC |c2002.
300 |axiii, 450p. (Annexe I à VII en pagination multiple.) ; |c28 cm.
500 |a"Loi sur la Gendarmerie royale du Canada -- Partie VII, Paragraphe 45.45(14)".--Couverture. "Traduction du rapport original".--Couverture. Numéro du dossier: PC6910-199801.
5203 |aLoi sur la Gendarmerie royale du Canada -- Partie VII, Paragraphe 45.45(14).--Couverture Traduction du rapport original.--Couverture
563 |aReliure à anneaux
590 |a02-15|b2002-04-12
69107|aCoopération internationale|2gcpds
69107|aPlainte|2gcpds
69107|aCongrès|2gcpds
69107|aAudience|2gcpds
69107|aService de police|2gcpds
7201 |aHughes, Ted
77508|tCommission interim report : |w(CaOODSP)9.648375